Cromatografía de Gases / (Record no. 6693)

000 -CABECERA
fixed length control field 00912nam a22002417a 4500
003 - IDENTIFICADOR DEL NÚMERO DE CONTROL
control field AR-CdUCM
008 - DATOS DE LONGITUD FIJA--INFORMACIÓN GENERAL
fixed length control field 190319b ||||| |||| 00| 0 spa d
020 ## - NÚMERO INTERNACIONAL ESTÁNDAR DEL LIBRO
ISBN 84-205-0465-3
040 ## - FUENTE DE LA CATALOGACIÓN
Agencia/entidad que catalogó originalmente la obra MUNICIPALIDAD PROVINCIAL DEL CUSCO
Entidad que transcribió la catalogación BIBLIOTECA MUNICIPAL DEL CUSCO
082 ## - NÚMERO DE LA CLASIFICACIÓN DECIMAL DEWEY
No. de Clasificación 541 /
Notacion interna D12
100 ## - ENTRADA PRINCIPAL--NOMBRE DE PERSONA
Nombre Personal Dabrio Bañuls, M. V.
245 ## - MENCIÓN DE TÍTULO
Título Cromatografía de Gases /
260 ## - PUBLICACIÓN, DISTRIBUCIÓN, ETC.
Lugar de publicación, distribución, etc. España :
Nombre de la editorial, distribuidor, etc. Alhambra ;
Fecha de publicación, distribución, etc. 1973.
300 ## - DESCRIPCIÓN FÍSICA
Nº de Páginas Extensión 223 páginas ;
Otros detalles físicos Diagramas, tablas, fórmulas, ilustraciones
Dimensiones 20cm
440 ## - MENCIÓN DE SERIE/PUNTO DE ACCESO ADICIONAL--TÍTULO
Título Química
9 (RLIN) 18830
505 ## - NOTA DE CONTENIDO CON FORMATO
Nota de contenido formateada Contenido: Análisis cualitativo -- Análisis cuantitativo -- Temperatura programada -- Cromatografía de gases a escala preparativa -- Cromatografía gas-sólido...
650 ## - PUNTO DE ACCESO ADICIONAL DE MATERIA--TÉRMINO DE MATERIA
Descriptor Química
9 (RLIN) 4512
700 ## - PUNTO DE ACCESO ADICIONAL--NOMBRE DE PERSONA
Nombre Personal Albaigés Riera, J.
9 (RLIN) 18831
700 ## - PUNTO DE ACCESO ADICIONAL--NOMBRE DE PERSONA
Nombre Personal Clemente Juanas, A. E.
9 (RLIN) 18832
700 ## - PUNTO DE ACCESO ADICIONAL--NOMBRE DE PERSONA
Nombre Personal Gascó Sánchez, L.
9 (RLIN) 18833
942 ## - ELEMENTOS DE PUNTO DE ACCESO ADICIONAL (KOHA)
Fuente de clasificación
Tipo de item Libros-BMC
945 ## - PROCESAMIENTO DE INFORMACIÓN LOCAL (OCLC)
Catalogador nom
Holdings
Estado de retiro (separado) Fuente de clasificación o esquema de estanterías Estado dañado Ubicación Sala donde se ubica Nombre de la colección Fecha de adquisición o compra Costo, precio normal en soles Signatura topográfica Código de Barras Última vez visto (Koha) Tipo de ítem (Koha)
No     Sala Ciencias Sala Ciencias Book Cart 2019-03-19 35.00 541 / D12 / t.2 SC0000000094 2019-03-19 Libros-BMC

Powered by Koha